Λεσβιακό πολύπτυχο : από την ιστορία, την τέχνη και τη λογοτεχνία

Αποθηκεύτηκε σε:
Λεπτομέρειες βιβλιογραφικής εγγραφής
Κύριος συγγραφέας: Κόντης, Ιωάννης Δ., 1910-1973
Μορφή: Βιβλίο
Γλώσσα:Greek
Δημοσίευση: Μυτιλήνη : Αιολίδα, 2011.
Έκδοση:2η έκδ.
Θέματα:
Ετικέτες: Προσθήκη ετικέτας
Δεν υπάρχουν, Καταχωρήστε ετικέτα πρώτοι!

MARC

LEADER 00000cam a2200000 a 4500
001 1/114297
008 170608r19732011gr | ||| |||| ||gre||
020 |a 9789609932370 
040 |a GR-MyUa  |b gre  |c GR-MyUa  |e AACR2 
041 0 |a gre 
082 7 |a 938.974   |2 (23) 
100 1 |a Κόντης, Ιωάννης Δ.,   |d 1910-1973. 
245 1 0 |a Λεσβιακό πολύπτυχο :   |b από την ιστορία, την τέχνη και τη λογοτεχνία /   |c Ι.Δ. Κοντής.  
250 |a 2η έκδ.  
260 |a Μυτιλήνη :   |b Αιολίδα,   |c 2011.  
300 |a 274 σ. :   |b φωτ., εικ., χάρτ. ;   |c 20 εκ.  
504 |a Περιλαμβάνει βιβλιογραφικές παραπομπές και ευρετήριο.  
650 0 |a Arts, Greek  |z Greece  |z Lesbos (Municipality) 
650 0 |a Folklore  |x History  |z Greece  |z Lesbos (Municipality) 
651 0 |a Lesbos (Greece : Municipality)  |x History. 
651 0 |a Lesbos (Greece : Municipality)  |x Social conditions. 
852 |a INST  |b RHODES  |e 20170608  |h 938.974 ΚΟΝ  |p 005400039327  |q 005400039327  |t BK  |y 0 
970 |z 08-06-2017